Amulets and superstitions : the original texts with translations and descriptions of a long series of Egyptian, Sumerian, Assyrian, Hebrew, Christian, Gnostic, and Muslim amulets and talismans and magical figures, with chapters on the evil eye, the origin of the amulet, the pentagon, the swăstika, the cross (pagan and Christian), the properties of stones, rings, divination, numbers, the Kabbâlâh, ancient astrology, etc. /
محفوظ في:
المؤلف الرئيسي:
التنسيق: كتاب
اللغة: English
منشور في:
New York :
Dover Publications,
1978.
الموضوعات:
الوسوم: إضافة وسم
لا توجد وسوم, كن أول من يضع وسما على هذه التسجيلة!
رقم الطلب: BF1561 .B8 1978
| LEADER | 01328namaa2200265 4500 | ||
|---|---|---|---|
| 001 | 11808 | ||
| 003 | OSt | ||
| 005 | 20240714065904.0 | ||
| 008 | 130303s1978 nyua g 001 0 eng d | ||
| 952 | |0 0 |1 0 |2 lcc |4 0 |6 BF1561 B8 01978 |7 1 |9 10959 |a ARCE |b ARCE |d 2021-03-10 |l 0 |o BF1561 .B8 1978 |p 1037647 |r 2021-03-10 00:00:00 |w 2021-03-10 |y BK | ||
| 999 | |c 19903 |d 19903 | ||
| 010 | |a 77086708 | ||
| 020 | |a 0486235734 | ||
| 040 | |c ARCE Library | ||
| 050 | 4 | |a BF1561 .B8 1978 | |
| 100 | 1 | |a Budge, E.A. Wallis |q (Ernest Alfred Wallis), |c Sir, |d 1857-1934, |e author | |
| 245 | 1 | 0 | |a Amulets and superstitions : |b the original texts with translations and descriptions of a long series of Egyptian, Sumerian, Assyrian, Hebrew, Christian, Gnostic, and Muslim amulets and talismans and magical figures, with chapters on the evil eye, the origin of the amulet, the pentagon, the swăstika, the cross (pagan and Christian), the properties of stones, rings, divination, numbers, the Kabbâlâh, ancient astrology, etc. / |c by E. A. Wallis Budge. |
| 264 | 1 | |a New York : |b Dover Publications, |c 1978. | |
| 300 | |a xxxix, 543 pages : |b illustrations ; |c 21 cm. | ||
| 500 | |a Includes index. | ||
| 500 | |a Reprint of the 1930 edition published by Oxford University Press, London. | ||
| 650 | 0 | |a Amulets. | |
| 650 | 0 | |a Superstition. | |
| 901 | |a reviewed | ||
| 942 | |c BK |2 lcc | ||
